| 000 | 00794nam a2200229 4500 | ||
|---|---|---|---|
| 999 |
_c14668 _d14668 |
||
| 003 | MIRAKIL | ||
| 005 | 20211208154556.0 | ||
| 008 | 211208b tu ||||| |||| 00| 0 tur d | ||
| 020 | _a 9756448318 | ||
| 040 |
_aTR-AnCHP _cTR-AnCHP |
||
| 041 | _atur | ||
| 082 |
_aATA 320.9561 _bÖ97s 2004 |
||
| 100 | 1 | _aÖzturanlı, M. İskender | |
| 245 | 1 | 0 |
_aSavaşı Atatürk kazanacak / _cM. İskender Özturanlı. |
| 260 |
_aİstanbul : _bToplumsal Dönüşüm Yayınları, _c2004. |
||
| 300 |
_a416 s.: _c19 sm. |
||
| 490 | 0 |
_aToplumsal Dönüşüm Yayınları ; _aAraştırma ve inceleme: _v234. _v78. |
|
| 600 | 1 | 4 |
_91465 _aAtatürk, Gazi Mustafa Kemal _cTürkiye Cumhuriyeti Kurucusu _d1881-1938 |
| 650 | 0 |
_95106 _asiyasi tarih _xTürkiye |
|
| 650 | 0 |
_9143 _aAtatürkçülük |
|
| 942 |
_2ddc _cBKS |
||